000 01169nam a2200241Ia 4500
999 _c51176
_d51176
001 18135
003 GE_BSU
005 20230623100434.0
008 181216s1986ge xx |||||||||||||| ||geo||
022 _a0137-0073
040 _cGE_BSU
041 _ageo
080 _a811.353.1'282 ა-97
245 _aაჭარული დიალექტის დარგობრივი ლექსიკა.
_bკრ. 5: სტატიების კრებული /
_cრედ. შ. ძიძიგური
264 _aთბილისი :
_bმეცნიერება,
_c1986.
300 _a126 გვ.:
_b21 სმ.
520 _aრეზ. რუს. ენ.. - ბიბლიოგრ. ტექსტ. შენიშვნ
653 _aაჭარული დიალექტის დარგობრივი ლექსიკა
653 _aქართული ენის დიალექტები; აჭარული დიალექტი
653 _aქართული ენის ლექსიკა
700 _aძიძიგური,შ
_eრედაქტორი
_97658
942 _cBK
_2udc